000 00673cam a2200277 4500
001 29252
005 20220405165346.0
021 _aPT
_b27057/89
090 _a29252
100 _a19900115d1989 m y0pory5003 ba
320 _aContem referências bibliográficas
095 _aPTBN00223205
101 0 _apor
102 _aPT
105 _aa t 000yy
106 _ar
930 _lBECRE
675 _a087.5
_vBN
_zpor
675 _a94(512.318)
_vBN
_zpor
700 1 _aRui,
_bJosé,
_f1930-
200 1 _aHistória de Macau
_fJosé Ruy
205 _a1a ed
210 _aPorto
_cAsa,
_d1989
215 _a[2], 32, [1] p.
_ctodo il.
_d30 cm
801 0 _aPT
_bBN
_gRPC
990 _cLIVROS